Multiple Choice City Quiz – Guangzhou - Statistics

General Stats
  • This quiz has been taken 11,852 times
  • The average score is 5 of 10
Answer Stats
Question Answer % Correct
Which of these pictures depicts Guangzhou?
86%
What was the former English-language spelling of Guangzhou? Canton
78%
Which of these foods would you be most likely to see at a dim sum restaurant? Shrimp dumplings
75%
What province is Guangzhou the capital of? Guangdong
73%
What is the approximate latitude of Guangzhou? 23 °N
56%
On what river is Guangzhou located? Pearl
48%
Between 1757–1842, Guangzhou was the ONLY Chinese port open to foreign traders. What were its main exports? Tea and porcelain
44%
What man, called the "Father of Modern China", was born about 80 kilometers south of Guangzhou in 1866? Sun Yat-sen
31%
What Guanghzhou-born martial artist starred in the movie "Ip Man"? Donnie Yen
24%
In Taoist legend, what animals did the Five Immortals ride on when they came down from heaven to bring rice cultivation to Guangzhou? Rams
10%
No matching quizzes found
Score Distribution
Percent of People with Each Score
Percentile by Number Answered
Your Score History
You have not taken this quiz